[Event "AUTO-MASTER-293"]
[Site "http://www.queenalice.com/game.php?id=282338"]
[Date "2007.10.7"]
[Round "2"]
[White "esterminio1"]
[Black "Juanjo"]
[Result "1-0"]
[WhiteElo "2235"]
[BlackElo "2071"]

1. d4 d5 2. c4 e6 3. Nc3 Nf6 4. Bg5 Be7 5. e3 O-O 6. Nf3 h6 7. Bh4 Ne4 8. Bxe7
Qxe7 9. Rc1 c6 10. Bd3 Nxc3 11. Rxc3 dxc4 12. Bxc4 Nd7 13. O-O e5 14. dxe5 Nxe5
15. Nxe5 Qxe5 16. Qb3 b6 17. Rd1 c5 18. Bxf7+ Kh8 19. Bd5 Rb8 20. e4 Ba6 21. Qa3
Be2 22. Rd2 Bh5 23. Qxa7 Rf6 24. Re3 Rbf8 25. h3 g5 26. Rb3 Rxf2 27. Rxf2 Qd4
28. Rf3 Bxf3 29. Qxb6 Kg7 30. Qd6 Rf4 31. Qe7+ Kg6 32. Qe8+ Kg7 33. Qg8+ 1-0

[Event "AUTO-MASTER-293"]
[Site "http://www.queenalice.com/game.php?id=282341"]
[Date "2007.10.7"]
[Round "2"]
[White "esterminio1"]
[Black "mister"]
[Result "1/2-1/2"]
[WhiteElo "2212"]
[BlackElo "2322"]

1. d4 d5 2. c4 dxc4 3. e3 Nf6 4. Bxc4 g6 5. Qb3 e6 6. Nf3 Nc6 7. O-O Bg7 8. Bb5
O-O 9. Nc3 Ne8 10. Bxc6 bxc6 11. Rd1 Nd6 12. e4 f5 13. e5 Ne4 14. Qc2 Nxc3 15.
bxc3 Qd7 16. Ba3 Rd8 17. Rdb1 a5 18. Rb2 Ba6 19. Rab1 Qd5 20. Be7 Re8 21. Bc5
Qc4 22. Qc1 Qd5 23. Nd2 Bh6 24. Qc2 Qd8 25. a4 Qh4 26. h3 Rec8 27. Ba3 Kf7 28.
Nb3 Bc4 29. Qd1 Qh5 30. Qxh5 gxh5 31. Nc5 h4 32. Kh1 Bd5 33. f3 Kg6 34. Kh2 Bf4+
35. Kg1 Be3+ 1/2-1/2

[Event "AUTO-MASTER-293"]
[Site "http://www.queenalice.com/game.php?id=282342"]
[Date "2007.10.7"]
[Round "2"]
[White "mister"]
[Black "esterminio1"]
[Result "1/2-1/2"]
[WhiteElo "2319"]
[BlackElo "2215"]

1. d4 d5 2. c4 dxc4 3. e3 Nf6 4. Bxc4 e6 5. Nf3 c5 6. O-O Bd7 7. Nc3 Nc6 8. Qe2
cxd4 9. exd4 Be7 10. d5 exd5 11. Nxd5 Nxd5 12. Bxd5 O-O 13. Re1 Bf6 14. Be3 Re8
15. Rad1 Qc8 16. Qc2 Bg4 17. Qa4 Be6 18. Qb3 Bxd5 19. Rxd5 Qc7 20. Rc1 Re7 21.
g3 Rd8 22. Bd4 Rxd5 23. Qxd5 Rd7 24. Qe4 Re7 25. Qf5 Bxd4 26. Nxd4 Re5 27. Qc2
h6 28. b3 Re8 29. Qc3 Qc8 30. Qc5 a6 31. Nxc6 bxc6 32. Kg2 Re2 33. a4 Re6 34. b4
Qd7 35. Rc4 Qd6 36. Qxd6 Rxd6 37. Rc5 1/2-1/2

[Event "AUTO-ELITE-148"]
[Site "http://www.queenalice.com/game.php?id=331009"]
[Date "2008.1.5"]
[Round "1"]
[White "esterminio1"]
[Black "eagacunha"]
[Result "1-0"]
[WhiteElo "2263"]
[BlackElo "2430"]

1. d4 Nf6 2. c4 e6 3. Nc3 Bb4 4. Qb3 Nc6 5. Nf3 d5 6. Bg5 h6 7. Bxf6 Qxf6 8. e3
Qg6 9. cxd5 exd5 10. Rc1 O-O 11. Qxd5 Rd8 12. Qb5 a6 13. Qd3 Bf5 14. Qd1 Be4 15.
a3 Bxc3+ 16. bxc3 b5 17. Nd2 Bd5 18. Qc2 Qg5 19. Ne4 Qh4 20. Ng3 Re8 21. Qf5
Rad8 22. Qh5 Qe7 23. Ra1 Qd7 24. Be2 Bxg2 25. Rg1 Bh3 26. Rd1 Qc8 27. Bf3 Ne7
28. Ne4 Ng6 29. Nc5 Rd6 30. Be4 Re7 31. Bb7 Qf5 32. Qxf5 Bxf5 33. Bxa6 Rb6 34.
c4 c6 35. Rg3 Ra7 36. e4 Bxe4 37. cxb5 cxb5 38. Bxb5 Rxb5 39. Nxe4 Rh5 40. h3
Rh4 41. Nc5 Nf4 42. a4 Rh5 43. Kd2 Rd5 44. Kc3 Rc7 45. Rgg1 1-0

[Event "AUTO-ELITE-148"]
[Site "http://www.queenalice.com/game.php?id=331010"]
[Date "2008.1.5"]
[Round "1"]
[White "eagacunha"]
[Black "esterminio1"]
[Result "1-0"]
[WhiteElo "2502"]
[BlackElo "2255"]

1. e4 e6 2. d4 d5 3. Nd2 c5 4. exd5 Qxd5 5. Ngf3 cxd4 6. Bc4 Qc5 7. Qe2 Nc6 8.
O-O Qb6 9. Nb3 Bc5 10. a4 a6 11. a5 Qa7 12. c3 dxc3 13. bxc3 Nf6 14. Nxc5 Qxc5
15. Ba3 Qh5 16. Rfe1 Nxa5 17. Qd3 Nxc4 18. Qxc4 Qd5 19. Qb4 Qd8 20. Rad1 Bd7 21.
Ne5 Rc8 22. Nc4 1-0

[Event "AUTO-ELITE-148"]
[Site "http://www.queenalice.com/game.php?id=331011"]
[Date "2008.1.5"]
[Round "1"]
[White "esterminio1"]
[Black "clauberfm"]
[Result "0-1"]
[WhiteElo "2281"]
[BlackElo "2237"]

1. d4 e6 2. c4 Bb4+ 3. Bd2 a5 4. Bxb4 axb4 5. Qb3 d6 6. Qxb4 Nc6 7. Qc3 Nf6 8.
Nd2 e5 9. d5 Ne7 10. e3 O-O 11. Bd3 b5 12. b3 bxc4 13. bxc4 Qd7 14. Ngf3 Bb7 15.
O-O c6 16. dxc6 Bxc6 17. Bc2 Rfc8 18. Rfc1 Ra6 19. Rcb1 Raa8 20. Ne1 e4 21. a4
d5 22. Qb4 d4 23. exd4 Qxd4 24. Qxe7 Qxd2 25. Ra3 Re8 26. Qb4 Qf4 27. h3 Rab8
28. Qc3 Rxb1 29. Bxb1 Bb7 30. Qe3 Qc7 31. Ba2 Qa5 32. Qc3 Qc5 33. a5 Ba6 34. Qe3
Qd6 35. c5 Qc7 36. Qb3 e3 37. fxe3 Qxc5 38. Qc3 Qd6 39. Ra4 Ne4 40. Qb3 Qc7 41.
Qb6 Qe7 42. Kh1 Nc3 43. Rf4 Nxa2 44. Qxa6 Nc3 45. Nc2 Ne4 46. Nd4 Ng3+ 47. Kh2
Qxe3 48. Rg4 h5 0-1

[Event "AUTO-ELITE-148"]
[Site "http://www.queenalice.com/game.php?id=331012"]
[Date "2008.1.5"]
[Round "1"]
[White "clauberfm"]
[Black "esterminio1"]
[Result "1-0"]
[WhiteElo "2250"]
[BlackElo "2268"]

1. e4 e6 2. d4 d5 3. exd5 exd5 4. Bd3 Bd6 5. Ne2 Nf6 6. O-O O-O 7. Ng3 Re8 8.
Re1 Bg4 9. f3 Be6 10. Nf5 Bxf5 11. Bxf5 c5 12. dxc5 Bxc5+ 13. Kh1 Nc6 14. Nc3
Rxe1+ 15. Qxe1 h6 16. Bd2 Qc7 17. Qh4 Re8 18. Bd3 Be3 19. Bxe3 Rxe3 20. Qf2 d4
21. Ne2 Qe5 22. a3 Nd7 23. Ng3 Nc5 24. Bc4 a6 25. Rd1 b5 26. f4 Qf6 27. Bd5 Ne7
28. Ba8 Nf5 29. Nxf5 Qxf5 30. Rxd4 Re8 31. g4 Qxg4 32. Bc6 Re2 33. Bf3 Rxf2 34.
Bxg4 Ne6 35. Bxe6 fxe6 36. Rd6 Kf7 37. Rxa6 Rxc2 38. b4 Kf6 39. Ra5 Kf5 40.
Rxb5+ Kxf4 41. Rb7 g5 42. Rh7 e5 43. Rxh6 e4 44. b5 e3 45. Rf6+ Ke5 46. Rf8 e2
47. Re8+ 1-0

[Event "Let's Play Chess!"]
[Site "http://www.queenalice.com/game.php?id=350924"]
[Date "2008.2.9"]
[Round "-"]
[White "esterminio1"]
[Black "patoche"]
[Result "1-0"]
[WhiteElo "2280"]
[BlackElo "2120"]

1. d4 Nf6 2. c4 Nc6 3. d5 Ne5 4. e4 e6 5. Qd4 Bb4+ 6. Bd2 Bxd2+ 7. Nxd2 d6 8. f4
c5 9. Qe3 Ng6 10. dxe6 O-O 11. exf7+ Rxf7 12. g3 Re7 13. Bg2 Bg4 14. h3 Bd7 15.
Ne2 Bc6 16. Nc3 Qe8 17. O-O-O d5 18. cxd5 Nxd5 19. Nxd5 Bxd5 20. Qa3 Bc6 21. Nc4
Qf8 22. Rhe1 Rd7 23. Rxd7 Bxd7 24. e5 Nxf4 25. gxf4 Qxf4+ 26. Nd2 Be6 27. Bxb7
Rd8 28. Qc3 c4 29. Be4 1-0

[Event "AUTO-ELITE-156"]
[Site "http://www.queenalice.com/game.php?id=352068"]
[Date "2008.2.10"]
[Round "1"]
[White "Camaraujo"]
[Black "esterminio1"]
[Result "1-0"]
[WhiteElo "2218"]
[BlackElo "2295"]

1. e4 e6 2. d4 d5 3. Nc3 Bb4 4. e5 c5 5. a3 Bxc3+ 6. bxc3 Ne7 7. Qg4 Qc7 8. Qxg7
Rg8 9. Qxh7 cxd4 10. Ne2 Qxe5 11. Bf4 Qf6 12. cxd4 Nbc6 13. c3 e5 14. dxe5 Nxe5
15. Qb1 b6 16. Qc2 Rg4 17. Qa4+ Bd7 18. Qd4 N7g6 19. Bxe5 Nxe5 20. f4 Qh4+ 21.
Ng3 Nc6 22. Qe3+ Kf8 23. O-O-O Re8 24. Qf3 d4 25. Ne2 Re3 26. Qd5 Qe7 27. Kc2
Qxa3 28. Rxd4 Nxd4+ 29. Qxd4 Bf5+ 30. Kd2 Re4 31. Qh8+ Rg8 32. Qh6+ Ke7 33. Qh4+
f6 34. g3 Rd8+ 35. Ke1 Qc1+ 36. Kf2 1-0

[Event "AUTO-ELITE-156"]
[Site "http://www.queenalice.com/game.php?id=352069"]
[Date "2008.2.10"]
[Round "1"]
[White "esterminio1"]
[Black "Camaraujo"]
[Result "0-1"]
[WhiteElo "2287"]
[BlackElo "2309"]

1. d4 Nf6 2. c4 g6 3. Nc3 d5 4. cxd5 Nxd5 5. e4 Nxc3 6. bxc3 Bg7 7. Be3 c5 8.
Qd2 Qa5 9. Rb1 b6 10. Nf3 O-O 11. Rc1 Nd7 12. Bb5 Qxb5 13. c4 Qa4 14. d5 b5 15.
O-O bxc4 16. Bh6 c3 17. Rxc3 Bxc3 18. Qxc3 f6 19. Bxf8 Kxf8 20. Re1 Qxa2 21. Nd2
Rb8 0-1

[Event "AUTO-ELITE-156"]
[Site "http://www.queenalice.com/game.php?id=352076"]
[Date "2008.2.10"]
[Round "1"]
[White "esterminio1"]
[Black "educapivara"]
[Result "0-1"]
[WhiteElo "2207"]
[BlackElo "2258"]

1. d4 Nf6 2. c4 g6 3. Nc3 Bg7 4. e4 d6 5. Nf3 O-O 6. Be2 e5 7. O-O Nc6 8. Be3
Ng4 9. Bg5 f6 10. Bc1 Nxd4 11. Nxd4 exd4 12. Qxd4 f5 13. Qd5+ Kh8 14. Bxg4 fxg4
15. Be3 c6 16. Qd3 Be5 17. Bd4 Be6 0-1

[Event "AUTO-ELITE-156"]
[Site "http://www.queenalice.com/game.php?id=352077"]
[Date "2008.2.10"]
[Round "1"]
[White "educapivara"]
[Black "esterminio1"]
[Result "1-0"]
[WhiteElo "2247"]
[BlackElo "2218"]

1. e4 e6 2. d4 d5 3. e5 c5 4. c3 Nc6 5. Nf3 Bd7 6. a3 c4 7. Bf4 Qb6 8. Qc2 f6 9.
Nbd2 g5 10. Bg3 g4 11. Nh4 fxe5 12. Bxc4 dxc4 13. Nxc4 Qb5 14. Nxe5 Nf6 15. Nhg6
Rg8 16. Nxf8 Rxf8 17. Nxd7 Nxd7 18. Qxh7 Qxb2 19. Qg6+ 1-0

[Event "I Torneo Cubano"]
[Site "http://www.queenalice.com/game.php?id=357515"]
[Date "2008.2.20"]
[Round "5"]
[White "esterminio1"]
[Black "piemme"]
[Result "0-1"]
[WhiteElo "2255"]
[BlackElo "1777"]

1. d4 d5 2. c4 e6 3. Nf3 Nf6 4. Nc3 Bb4 5. cxd5 exd5 6. Bg5 h6 7. Bh4 Qd6 8. a3
Bxc3+ 9. bxc3 O-O 10. e3 Bf5 11. Qb3 b6 12. Bxf6 gxf6 13. c4 Bg4 14. cxd5 a5 15.
Nd2 Rd8 16. e4 Bh5 17. Qg3+ Qxg3 18. hxg3 Bg6 0-1

[Event "Challenge"]
[Site "http://www.queenalice.com/game.php?id=366781"]
[Date "2008.3.6"]
[Round "-"]
[White "esterminio1"]
[Black "JimMorrisson"]
[Result "1-0"]
[WhiteElo "2286"]
[BlackElo "2190"]

1. d4 Nf6 2. c4 e6 3. Nf3 c5 4. d5 exd5 5. cxd5 d6 6. Nc3 a6 7. a4 Nbd7 8. e4 g6
9. Bf4 Qc7 10. Be2 Bg7 11. O-O O-O 12. a5 Re8 13. Nd2 Rb8 14. Nc4 Bf8 15. Qd3 b5
16. axb6 Nxb6 17. Nd2 Bg7 18. Qg3 Nbxd5 19. exd5 Rxb2 20. Bd1 Rd8 21. Ra4 Rb4
22. Nde4 Nxe4 23. Nxe4 Rb6 24. Bg5 f6 25. Nxf6+ Kf7 26. Ng4 Re8 27. Nh6+ Bxh6
28. Bxh6 Kg8 29. Be3 Bd7 30. Ra1 Qb7 31. Bf3 Bf5 32. Bd2 Qg7 33. Ba5 Rb5 34.
Qxd6 c4 35. Qxa6 Reb8 36. Rfc1 h5 37. Bc3 Qf8 38. Bd4 Bd3 39. Qe6+ Kh7 40. Qd7+
Kg8 41. Ra7 1-0

[Event "Challenge"]
[Site "http://www.queenalice.com/game.php?id=366784"]
[Date "2008.3.6"]
[Round "-"]
[White "JimMorrisson"]
[Black "esterminio1"]
[Result "0-1"]
[WhiteElo "2217"]
[BlackElo "2276"]

1. e4 e6 2. d4 d5 3. Nc3 Bb4 4. e5 Ne7 5. a3 Bxc3+ 6. bxc3 c5 7. Nf3 Bd7 8. h4
Ba4 9. h5 h6 10. dxc5 Qa5 11. Rh4 Nd7 12. Rb4 Nc6 13. Bf4 Nxc5 14. Nd4 O-O 15.
Qg4 Qc7 16. O-O-O Nxb4 17. cxb4 Nb3+ 18. Kb2 Nxd4 19. Bd3 Rfc8 20. Bxh6 Qc3+ 21.
Ka2 Bb3+ 22. cxb3 Qxb3+ 23. Ka1 Qxa3+ 0-1

[Event "AUTO-ELITE-163"]
[Site "http://www.queenalice.com/game.php?id=368184"]
[Date "2008.3.9"]
[Round "1"]
[White "esterminio1"]
[Black "pumamercedino"]
[Result "0-1"]
[WhiteElo "2187"]
[BlackElo "2265"]

1. d4 Nf6 2. c4 g6 3. g3 Bg7 4. Bg2 d6 5. Nf3 O-O 6. Nc3 Nbd7 7. O-O e5 8. h3 c6
9. e4 Qb6 10. Rb1 exd4 11. Nxd4 Qb4 12. Nc2 Qxc4 13. Bf4 Ne8 14. Bxd6 Nxd6 15.
Qxd6 Bxc3 16. bxc3 Qxc3 17. Rfc1 Qc5 18. Qxc5 Nxc5 19. Nd4 Na4 20. Rb4 Nb6 21.
f4 Rd8 22. a4 a5 23. Nxc6 axb4 24. Nxd8 Nxa4 0-1

[Event "AUTO-ELITE-163"]
[Site "http://www.queenalice.com/game.php?id=368185"]
[Date "2008.3.9"]
[Round "1"]
[White "pumamercedino"]
[Black "esterminio1"]
[Result "1-0"]
[WhiteElo "2255"]
[BlackElo "2197"]

1. c4 e6 2. Nc3 Nf6 3. d4 Bb4 4. f3 O-O 5. e4 d5 6. e5 Nfd7 7. cxd5 exd5 8. f4
c5 9. a3 Ba5 10. Nf3 Nc6 11. Be3 c4 12. Be2 Nb6 13. O-O Bf5 14. Rc1 Qe7 15. Nb5
Rad8 16. Bf2 f6 17. Be1 Bxe1 18. Rxe1 fxe5 19. fxe5 Bg4 20. b3 Na5 21. bxc4
Nbxc4 22. Nxa7 Nxa3 23. Rc5 N3c4 24. Nb5 Bxf3 25. Bxf3 1-0